000 00455nam a2200169Ia 4500
001 20213
005 20260306172749.0
008 260306t9999||||xx |||||||||||||| ||spa||
041 _aESP
082 _a343
_bF41
100 _aFernández Arce, César
_eAUT
245 0 _aAnticoncepción oral de emergencia:
_benfoque crítico desde la dignidad humana
300 _a61 páginas :
_c21 cm.
650 _aGEN
654 _aCDE
942 _cLIB
_dJUS
_fJUS
_2ddc
_n
999 _c20213
_d20213